Salvadoreños en Belice /
Este documento presenta algunos hallazgos logrados sobre los salvadoreños en Belice, durante una investigación exploratoria, donde se plantean temas socioeconómicos. Hace referencia a aspectos puntuales tales como: el bienestar de las familias salvadoreñas en Belice; la situación de Belice y El Salv...
Uloženo v:
| Hlavní autor: | |
|---|---|
| Médium: | Text |
| Témata: | |
| Tagy: |
Přidat tag
Žádné tagy, Buďte první, kdo vytvoří štítek k tomuto záznamu!
|
MARC
| LEADER | 00000 a a2200000 04500 | ||
|---|---|---|---|
| 001 | 45535 | ||
| 003 | |||
| 040 | |a CRAI/IIS |c CRAI/IIS | ||
| 100 | |a Vega, Lilian | ||
| 245 | |a Salvadoreños en Belice / |c Lilian Vega | ||
| 520 | |a Este documento presenta algunos hallazgos logrados sobre los salvadoreños en Belice, durante una investigación exploratoria, donde se plantean temas socioeconómicos. Hace referencia a aspectos puntuales tales como: el bienestar de las familias salvadoreñas en Belice; la situación de Belice y El Salvador; la reivindicación y fuente de bienestar de la propiedad de la tierra; la lógica de conexión/desconexión de la globalización; mujeres en comercio y alimentación; demanda laboral inmigrante estacional y masculina; la diferenciación genérica del trabajo en banano y la menor demanda laboral inmigrante; la industria de la cal; la fama de los salvadoreños; y la industria del turismo y su demanda laboral bilingüe y calificada. | ||
| 590 | |a AMB/NOVIEMBRE2014 | ||
| 650 | |a GLOBALIZACION | ||
| 650 | |a MIGRACION | ||
| 650 | |a ASPECTOS SOCIALES | ||
| 650 | |a ASPECTOS ECONOMICOS | ||
| 650 | |a TRABAJO | ||
| 650 | |a EL SALVADOR | ||
| 650 | |a BELICE | ||
| 773 | |g volumen67, número731 (2012), páginas 539-563 : tablas, gráficos | ||
| 999 | |c 18227 |d 18227 | ||
